[Event "FRA-ch"]
[Site "Meribel"]
[Date "1998.08.25"]
[Round "12"]
[White "Hauchard, Arnaud"]
[Black "Kouatly, Bachar"]
[Result "1-0"]
[WhiteElo "2500"]
[BlackElo "2495"]
[PlyCount "55"]
[EventDate "1998.08.14"]
[Source "ChessBase"]
[SourceDate "1998.11.30"]

1. c4 Nf6 2. Nc3 e5 3. Nf3 e4 4. Ng5 b5 5. d3 bxc4 6. dxe4 Bb7 7. e5 h6 8. Nxf7 Kxf7 9. exf6 Qxf6 10. e4 Qe6 11. Be2 Bb4 12. O-O Bxc3 13. bxc3 Bxe4 14. Re1 Kg8 15. Bg4 Qg6 16. Rxe4 Qxe4 17. Bf3 Qd3 18. Qxd3 cxd3 19. Bxa8 c6 20. Be3 Kf7 21. Rd1 Ke6 22. Bxa7 Kd5 23. Rxd3+ Kc4 24. Rd6 Re8 25. g3 Kxc3 26. Bb7 Re1+ 27. Kg2 Rb1 28. Bc8 1-0

[Event "Decin-A"]
[Site "Decin CZE"]
[Date "1976.??.??"]
[Round "8"]
[White "Alburt, Lev O"]
[Black "Pribyl, Josef"]
[Result "0-1"]
[WhiteElo "2520"]
[BlackElo "2435"]
[PlyCount "112"]
[EventDate "1976.06.??"]
[Source "www.chesslib.no"]
[SourceDate "2004.05.04"]

1. c4 e5 2. Nc3 Nf6 3. Nf3 e4 4. Ng5 b5 5. d3 exd3 6. cxb5 h6 7. Nf3 dxe2 8. Bxe2 Bc5 9. O-O O-O 10. Ne5 Bb7 11. Bf3 Qc8 12. Nd5 Nxd5 13. Bxd5 d6 14. Nxf7 Rxf7 15. Bxf7+ Kxf7 16. b4 Bb6 17. Qh5+ Kg8 18. Bb2 Nd7 19. a4 a5 20. bxa5 Bxa5 21. Ra3 Qe8 22. Qh3 Ne5 23. Rg3 Kh7 24. Qf5+ g6 25. Qf6 Bb6 26. Rd1 Qg8 27. Qxe5 dxe5 28. Rd7+ Qg7 29. Rxg7+ Kxg7 30. Bxe5+ Kf7 31. Rg4 h5 32. Rf4+ Ke6 33. Bc3 g5 34. Rf6+ Kd5 35. h4 gxh4 36. Rf4 h3 37. g3 Bc8 38. Kh2 Be6 39. f3 Rg8 40. Rh4 Rg5 41. f4 Bg1+ 42. Kxg1 Rxg3+ 43. Kh2 Rxc3 44. Rxh5+ Kc4 45. f5 Bd5 46. f6 Be6 47. Rh4+ Kc5 48. Rh5+ Kb6 49. Rh6 Ka5 50. f7 Rc2+ 51. Kg3 Rg2+ 52. Kf4 Bxf7 53. Rxh3 Rg4+ 54. Ke3 Bg6 55. Rh1 Rxa4 56. Rc1 Re4+ 0-1

[Event "BUL Ch"]
[Site "Bulgaria"]
[Date "1975.??.??"]
[Round "12"]
[White "Spassov, Liuben D"]
[Black "Ermenkov, Evgenij P"]
[Result "0-1"]
[WhiteElo "2455"]
[BlackElo "2495"]
[PlyCount "114"]
[EventDate "1975.??.??"]
[Source "www.chesslib.no"]
[SourceDate "2004.05.04"]

1. c4 e5 2. Nc3 Nf6 3. Nf3 e4 4. Ng5 b5 5. cxb5 d5 6. d4 Bd6 7. g3 h6 8. Nh3 g5 9. Ng1 a6 10. h4 g4 11. e3 axb5 12. Nxb5 Be7 13. Ne2 O-O 14. Bd2 Ba6 15. Nc1 Nbd7 16. Nb3 c6 17. Nc3 Bxf1 18. Kxf1 Qb6 19. Ne2 Rfb8 20. Bc3 Qa6 21. Kg2 Nb6 22. Nc5 Qc8 23. Nc1 Qf5 24. Rf1 Nh7 25. N1b3 Nc4 26. Qe2 Nf8 27. a4 Ng6 28. Rh1 h5 29. Ra2 Kh7 30. a5 Rg8 31. Be1 Bxh4 32. Nd2 Nxd2 33. Bxd2 Be7 34. Bc3 h4 35. Kf1 h3 36. Ke1 Bxc5 37. dxc5 Ne5 38. Bxe5 Qxe5 39. Qd2 Rgd8 40. Rf1 f5 41. b4 Kg6 42. Ke2 Rh8 43. Qd4 Qxd4 44. exd4 f4 45. gxf4 Kf5 46. Ke3 h2 47. Rh1 Rh3+ 48. Ke2 e3 49. fxe3 Ke4 50. Ra3 Rah8 51. Kf2 Rf3+ 52. Kg2 g3 53. Ra2 Rxe3 54. a6 Kxf4 55. a7 Kg4 56. b5 cxb5 57. Rc1 Rc3 0-1

[Event "Ch Europe team"]
[Site "corr."]
[Date "1974.??.??"]
[Round "?"]
[White "Uhlmann, Wolfgang"]
[Black "Dobosz, Henryk"]
[Result "0-1"]
[WhiteElo "2550"]
[BlackElo "2385"]
[PlyCount "56"]
[EventDate "1974.??.??"]
[Source "www.chesslib.no"]
[SourceDate "2004.05.04"]

1. c4 e5 2. Nc3 Nf6 3. Nf3 e4 4. Ng5 b5 5. b3 b4 6. Nb1 h6 7. Nh3 Bc5 8. d4 exd3 9. Qxd3 O-O 10. Bb2 Bb7 11. Nd2 d6 12. e3 Nbd7 13. Nf4 Ne5 14. Qc2 Nfg4 15. Be2 Bxe3 16. fxe3 Nxe3 17. Qc1 Qg5 18. Nf1 Nxg2+ 19. Nxg2 Qxg2 20. Bxe5 Rfe8 21. Ng3 Rxe5 22. Kd2 Qf2 23. Qg1 Qf4+ 24. Kc2 Rae8 25. Re1 Re3 26. Qf1 Qe5 27. Rg1 Qc3+ 28. Kb1 Rxg3 0-1

[Event "Ohrid 82/16"]
[Site "?"]
[Date "2001.??.??"]
[Round "?"]
[White "Psakhis, L."]
[Black "Basagic, Z."]
[Result "1-0"]
[WhiteElo "2575"]
[BlackElo "2345"]
[PlyCount "63"]
[EventDate "2001.??.??"]
[Source "Chess Informant"]
[SourceDate "2001.06.01"]

1. c4 e5 2. Nc3 Nf6 3. Nf3 e4 4. Ng5 b5 5. d3 bxc4 6. dxe4 Bb7 7. e5 h6 8. Nxf7 Kxf7 9. exf6 d5 10. e4 Bb4 11. fxg7 Re8 12. Qh5+ Kg8 13. Qxh6 Rxe4+ 14. Be2 Qh4 15. Qxh4 Rxh4 16. O-O Nd7 17. Bg5 Rh7 18. Rad1 Rxg7 19. h4 c6 20. f4 Nc5 21. Bg4 Bc8 22. Bf3 Rb8 23. f5 Nd3 24. Nxd5 cxd5 25. Bxd5+ Kh7 26. f6 Bc5+ 27. Kh2 Bb7 28. Bxc4 Nxb2 29. fxg7 Nxc4 30. Rf5 Rc8 31. Rd7 Be4 32. Rf8 1-0

[Event "TCh-CRO, Pula CRO"]
[Site "?"]
[Date "2001.??.??"]
[Round "4"]
[White "Dizdarevic, E."]
[Black "Jukic, B."]
[Result "1-0"]
[WhiteElo "2505"]
[BlackElo "2385"]
[PlyCount "39"]
[EventDate "2001.??.??"]
[Source "www.chesslib.no"]
[SourceDate "2004.05.04"]

1. c4 e5 2. Nc3 Nf6 3. Nf3 e4 4. Ng5 b5 5. cxb5 d5 6. d3 h6 7. Nh3 Bd6 8. dxe4 dxe4 9. Nf4 O-O 10. e3 Nbd7 11. Be2 Ne5 12. O-O Bb7 13. Kh1 Qe7 14. Qa4 g5 15. Nh5 Nxh5 16. Bxh5 g4 17. Nxe4 Qh4 18. Ng3 f5 19. f4 Bd5 20. Qd4 1-0

[Event "ARG-ch"]
[Site "Santa Fe"]
[Date "1973.??.??"]
[Round "14"]
[White "Garcia, Raimundo"]
[Black "Szmetan, Jorge"]
[Result "1/2-1/2"]
[WhiteElo "2455"]
[BlackElo "2390"]
[PlyCount "70"]
[EventDate "1973.??.??"]
[Source "ChessBase"]

1. c4 Nf6 2. Nc3 e5 3. Nf3 e4 4. Ng5 b5 5. Nxb5 h6 6. Nh3 c6 7. Nc3 d5 8. cxd5 cxd5 9. d3 exd3 10. Nf4 Bb7 11. e3 Nbd7 12. Bxd3 Bd6 13. Nh5 O-O 14. O-O Ne5 15. Nxf6+ Qxf6 16. Be2 Rad8 17. Nb5 Bc5 18. Nd4 Nc6 19. Nxc6 Bxc6 20. Qc2 Bb6 21. Bf3 Rc8 22. Qb3 d4 23. Bxc6 Rxc6 24. Bd2 Rfc8 25. Rad1 Qg6 26. exd4 Bxd4 27. Be3 Rb6 28. Qa3 Bxe3 29. Qxe3 Rxb2 30. Qxa7 Rcc2 31. a4 Ra2 32. a5 Qh5 33. Qd7 Rxa5 34. Qd8+ Kh7 35. Qd3+ Qg6 1/2-1/2

[Event "Rimavska Sobota"]
[Site "Rimavska Sobota"]
[Date "1975.??.??"]
[Round "5"]
[White "Adamski, Jan"]
[Black "Plachetka, Jan"]
[Result "1/2-1/2"]
[WhiteElo "2415"]
[BlackElo "2430"]
[PlyCount "43"]
[EventDate "1975.??.??"]
[Source "ChessBase"]

1. c4 e5 2. Nc3 Nf6 3. Nf3 e4 4. Ng5 b5 5. Qc2 e3 6. fxe3 bxc4 7. b3 cxb3 8. Qxb3 d5 9. g3 c6 10. Ba3 Bd6 11. Bg2 h6 12. Nf3 O-O 13. O-O Na6 14. Bxd6 Qxd6 15. Nd4 Rb8 16. Qa4 c5 17. Nf5 Bxf5 18. Rxf5 Rb4 19. Qc2 Nd7 20. a3 Rg4 21. Raf1 Rg6 22. e4 1/2-1/2

[Event "New York op"]
[Site "New York"]
[Date "1998.03.16"]
[Round "1"]
[White "Gurevich, Dmitry"]
[Black "Young, Ronald"]
[Result "1-0"]
[WhiteElo "2540"]
[BlackElo "2295"]
[PlyCount "53"]
[EventDate "1998.03.16"]
[Source "ChessBase"]
[SourceDate "1998.06.15"]

1. c4 e5 2. Nc3 Nf6 3. Nf3 e4 4. Ng5 b5 5. Ngxe4 Nxe4 6. Nxe4 bxc4 7. e3 d5 8. Nc3 Be7 9. d3 cxd3 10. Bxd3 c6 11. e4 Be6 12. exd5 cxd5 13. Bb5+ Kf8 14. Be3 Nd7 15. Nxd5 Qa5+ 16. Nc3 Ne5 17. O-O h5 18. Bf4 Ng6 19. Bd6 Rd8 20. Bxe7+ Kxe7 21. Qe2 Rd4 22. Rad1 Rg4 23. Qe3 Nf4 24. Kh1 Rc8 25. f3 Nxg2 26. Qe5 Rg6 27. b4 1-0

[Event "IBM-B"]
[Site "Amsterdam"]
[Date "1976.??.??"]
[Round "2"]
[White "Eising, Johannes"]
[Black "Pribyl, Josef"]
[Result "1/2-1/2"]
[WhiteElo "2400"]
[BlackElo "2435"]
[PlyCount "63"]
[EventDate "1976.07.??"]
[Source "ChessBase"]

1. c4 e5 2. Nc3 Nf6 3. Nf3 e4 4. Ng5 b5 5. Nxb5 c6 6. Nc3 d5 7. cxd5 cxd5 8. d4 h6 9. Nh3 g5 10. f3 Bxh3 11. gxh3 exf3 12. e3 Nbd7 13. Qxf3 Bb4 14. Bb5 Rb8 15. O-O Bxc3 16. Bxd7+ Kxd7 17. Qf5+ Kc7 18. Qxf6 Qxf6 19. Rxf6 Bxb2 20. Rxf7+ Kc6 21. Bxb2 Rxb2 22. Rc1+ Kb6 23. Rf6+ Kb7 24. Rf7+ Ka8 25. Rc5 Re8 26. Rf3 Rxa2 27. Rxd5 Re2 28. Re5 Rxe5 29. dxe5 Kb7 30. e6 Kc6 31. Rf6 Rxe3 32. Rxh6 1/2-1/2

[Event "TCh-AUT 1st Bundesliga 2007-8"]
[Site "Graz AUT"]
[Date "2008.03.14"]
[Round "9"]
[White "Baumegger, S."]
[Black "Knoll, H."]
[Result "1/2-1/2"]
[WhiteElo "2440"]
[BlackElo "2386"]
[PlyCount "115"]
[EventDate "2008.03.14"]
[Source "www.chesslib.no"]
[SourceDate "2004.05.04"]

1. c4 Nf6 2. Nc3 e5 3. Nf3 e4 4. Ng5 b5 5. d3 Bb4 6. dxe4 Qe7 7. cxb5 O-O 8. Bd2 Bb7 9. e3 a6 10. a3 Ba5 11. bxa6 Nxa6 12. Nf3 Bxc3 13. Bxc3 Nxe4 14. Qd4 f6 15. Be2 Nac5 16. Bb4 d6 17. Bxc5 Nxc5 18. b4 Ne4 19. O-O Kh8 20. Nd2 c5 21. Qb2 f5 22. Nxe4 Bxe4 23. Rfd1 Qg5 24. Bf1 cxb4 25. axb4 Rxa1 26. Rxa1 h6 27. Qd4 Rf6 28. Ra6 Qg6 29. b5 Kh7 30. Ra7 f4 31. exf4 Bxg2 32. f5 Rxf5 33. Bxg2 Rg5 34. Rxg7+ Qxg7 35. Qe4+ Rg6 36. h3 Qe5 37. Kh1 Kg7 38. Qb7+ Kf6 39. b6 Qe1+ 40. Kh2 Qxf2 41. Qc6 Qf4+ 42. Kh1 Rg3 43. Qa8 Re3 44. Qa1+ Qe5 45. Qf1+ Ke7 46. b7 Rb3 47. Qc1 Qa5 48. Qc2 Qe1+ 49. Kh2 Qg3+ 50. Kh1 Kf6 51. Qh7 Qe1+ 52. Kh2 Qe5+ 53. Kh1 d5 54. Qh8+ Kf5 55. Qf8+ Ke6 56. Qe8+ Kf6 57. Qh8+ Kf5 58. Qf8+ 1/2-1/2

[Event "Marshall CC"]
[Site "New York, NY USA"]
[Date "1977.??.??"]
[Round "?"]
[White "Biyiasas, Peter"]
[Black "Regan, Kenneth"]
[Result "1/2-1/2"]
[WhiteElo "2435"]
[BlackElo "2375"]
[PlyCount "62"]
[EventDate "1977.01.??"]
[Source "www.chesslib.no"]
[SourceDate "2004.05.04"]

1. c4 Nf6 2. Nc3 e5 3. Nf3 e4 4. Ng5 b5 5. Nxb5 c6 6. Nc3 d5 7. cxd5 cxd5 8. e3 Bd6 9. Bb5+ Kf8 10. h4 h6 11. Nh3 g5 12. d4 exd3 13. Qxd3 Bb7 14. Qd4 Qe7 15. Kf1 Nc6 16. Bxc6 Bxc6 17. Ng1 Bc5 18. Qd3 Ne4 19. hxg5 Qxg5 20. Nh3 Qh5 21. Kg1 Nxc3 22. Qxc3 d4 23. exd4 Qd1+ 24. Kh2 Qxd4 25. Qg3 Qf6 26. Be3 Bb4 27. Qg4 Bd6+ 28. g3 Bxh1 29. Bd4 Be5 30. Bc5+ Bd6 31. Bd4 Be5 1/2-1/2

[Event "TCh-BEL 2007-8"]
[Site "Belgium BEL"]
[Date "2008.02.17"]
[Round "9"]
[White "Cekro, E."]
[Black "Lemmers, O."]
[Result "1/2-1/2"]
[WhiteElo "2416"]
[BlackElo "2386"]
[PlyCount "108"]
[EventDate "2008.01.06"]
[Source "www.chesslib.no"]
[SourceDate "2004.05.04"]

1. c4 e5 2. Nc3 Nf6 3. Nf3 e4 4. Ng5 b5 5. cxb5 d5 6. d4 a6 7. e3 axb5 8. Bxb5+ c6 9. Be2 h6 10. Nh3 Bxh3 11. gxh3 Bd6 12. f4 Qc8 13. Bg4 Qa6 14. Kf2 O-O 15. Rg1 Qb7 16. Rb1 Na6 17. b4 Rfb8 18. a3 Nc7 19. h4 Bf8 20. Bh3 Nce8 21. Na4 Nd6 22. Nc5 Qa7 23. Rb3 Nc4 24. Rc3 Kh8 25. Kg2 Qb6 26. Kh1 Ra7 27. Bf1 Nd6 28. Qe1 Nfe8 29. Rb3 Qd8 30. h5 Nc7 31. Rg2 Nf5 32. Rc2 Nh4 33. Be2 Be7 34. Qf1 Qc8 35. Qg1 Nb5 36. Bg4 Qe8 37. a4 Nd6 38. Qf2 Nc4 39. Be2 f5 40. Ra2 g6 41. Bd2 gxh5 42. Be1 Qf7 43. Qf1 Nf3 44. Bxf3 exf3 45. Qxf3 Rg8 46. a5 Nd6 47. Rg2 Rxg2 48. Qxg2 Ra8 49. Qf3 Rg8 50. Rd3 Qg6 51. Bf2 Rb8 52. Be1 Rg8 53. Bf2 Rb8 54. Be1 Rg8 1/2-1/2

[Event "Poznan"]
[Site "Poznan"]
[Date "1976.??.??"]
[Round "9"]
[White "Adamski, Jan"]
[Black "Borkowski, Franciszek"]
[Result "1-0"]
[WhiteElo "2415"]
[BlackElo "2350"]
[PlyCount "85"]
[EventDate "1976.??.??"]
[Source "ChessBase"]

1. c4 e5 2. Nc3 Nf6 3. Nf3 e4 4. Ng5 b5 5. Nxb5 c6 6. Nc3 d5 7. cxd5 cxd5 8. d3 h6 9. Nh3 Nc6 10. e3 Bb4 11. dxe4 Nxe4 12. Bb5 Bd7 13. O-O Bxc3 14. Qxd5 Nf6 15. Qc4 O-O 16. bxc3 Ne5 17. Qe2 Bxh3 18. gxh3 a6 19. Ba4 Ne4 20. Ba3 Qh4 21. f4 Nxc3 22. Qf2 Qxf2+ 23. Rxf2 Rfd8 24. Bb3 Nd3 25. Rd2 Ne4 26. Rc2 Rac8 27. Rd1 Nc3 28. Rdd2 a5 29. f5 Rc7 30. Bb2 a4 31. Rxc3 Rxc3 32. Bxc3 axb3 33. axb3 Rd7 34. Kf1 g6 35. fxg6 fxg6 36. Kg1 Kf7 37. b4 Ke6 38. b5 Kf5 39. b6 Ke4 40. Bd4 Rb7 41. Ra2 Ne1 42. Ra7 Nf3+ 43. Kf2 1-0

[Event "Balatonbereny Open"]
[Site "Balatonbereny HUN"]
[Date "1994.??.??"]
[Round "2"]
[White "Horvath, Gyula"]
[Black "Biro, Sandor"]
[Result "1-0"]
[WhiteElo "2445"]
[BlackElo "2300"]
[PlyCount "37"]
[EventDate "1994.09.??"]
[Source "www.chesslib.no"]
[SourceDate "2004.05.04"]

1. c4 e5 2. Nc3 Nf6 3. Nf3 e4 4. Ng5 b5 5. d3 bxc4 6. dxe4 h6 7. Nxf7 Kxf7 8. e5 d5 9. exf6 Be6 10. e3 Nc6 11. fxg7 Bxg7 12. Bxc4 dxc4 13. Qf3+ Bf6 14. Qxc6 Qd3 15. Qxc7+ Ke8 16. Bd2 Rd8 17. O-O-O Rd7 18. Qc6 Ke7 19. Nb5 1-0

[Event "Matra Open"]
[Site "Matra"]
[Date "1993.??.??"]
[Round "?"]
[White "Landa, Konstantin"]
[Black "Biro, Sandor"]
[Result "1/2-1/2"]
[WhiteElo "2455"]
[BlackElo "2285"]
[PlyCount "134"]
[EventDate "1993.??.??"]
[Source "www.chesslib.no"]
[SourceDate "2004.05.04"]

1. c4 e5 2. Nc3 Nf6 3. Nf3 e4 4. Ng5 b5 5. Nxb5 h6 6. Nh3 c6 7. Nd4 d5 8. cxd5 cxd5 9. e3 Bd6 10. Bb5+ Nbd7 11. Nf5 Bf8 12. Nf4 Rb8 13. Qa4 g6 14. Nd4 a6 15. Bc6 Rb4 16. Qc2 Rc4 17. Qd1 Rxd4 18. exd4 Qc7 19. Bxd7+ Bxd7 20. d3 Bd6 21. Ne2 Bb5 22. dxe4 dxe4 23. Bd2 O-O 24. Rc1 Qe7 25. h3 Nd5 26. a4 e3 27. axb5 exd2+ 28. Qxd2 Bf4 29. Qd1 Bxc1 30. Qxc1 Re8 31. O-O Qxe2 32. bxa6 Qxa6 33. Qxh6 Qf6 34. h4 Nf4 35. d5 Ne2+ 36. Kh2 Re4 37. g3 Qf3 38. Qg5 Kg7 39. h5 Re8 40. h6+ Kh7 41. d6 f6 42. d7 Rd8 43. Qe3 Qh5+ 44. Kg2 Rxd7 45. Qe6 Qf3+ 46. Kxf3 Nd4+ 47. Kg4 Nxe6 48. Re1 Nd4 49. Rd1 f5+ 50. Kh3 Kxh6 51. b4 Rd6 52. f4 Kg7 53. g4 Kf6 54. Rd3 Ke6 55. Re3+ Kd5 56. Kh4 Kc4 57. Kg5 Kxb4 58. Kh6 fxg4 59. Kg5 Nf5 60. Re4+ Kc3 61. Kxg4 Rd3 62. Kg5 Rg3+ 63. Kf6 Kd3 64. Re8 Nh4 65. Re7 Ng2 66. f5 g5 67. Kg7 Rf3 1/2-1/2

[Event "It Open"]
[Site "Ostend BEL"]
[Date "1985.??.??"]
[Round "5"]
[White "Ghitescu, Theodor"]
[Black "Kerkhoff, Leo J"]
[Result "1-0"]
[WhiteElo "2455"]
[BlackElo "2270"]
[PlyCount "49"]
[EventDate "1985.??.??"]
[Source "www.chesslib.no"]
[SourceDate "2004.05.04"]

1. c4 Nf6 2. Nc3 e5 3. Nf3 e4 4. Ng5 b5 5. d3 bxc4 6. dxe4 h6 7. Nxf7 Kxf7 8. e5 c6 9. exf6 Qxf6 10. e4 d5 11. Be3 Bb4 12. Bd4 Qh4 13. Be2 Re8 14. O-O Bxc3 15. Bxc3 Rxe4 16. f4 Qe7 17. Bf3 Qc5+ 18. Kh1 Re7 19. Bh5+ Kg8 20. f5 Nd7 21. Re1 Qd6 22. Qd2 Kf8 23. Rxe7 Kxe7 24. Re1+ Kd8 25. Bxg7 1-0

[Event "Once-Ruta de Europa op-1"]
[Site "Subijana de Alava"]
[Date "2001.04.27"]
[Round "5"]
[White "Pogorelov, Ruslan"]
[Black "Gonzalez de la Torre, Santiago"]
[Result "1/2-1/2"]
[WhiteElo "2399"]
[BlackElo "2277"]
[PlyCount "58"]
[EventDate "2001.04.23"]
[Source "www.chesslib.no"]
[SourceDate "2004.05.04"]

1. c4 e5 2. Nc3 Nf6 3. Nf3 e4 4. Ng5 b5 5. d3 bxc4 6. dxe4 h6 7. Nf3 Bb7 8. e3 Nxe4 9. Nxe4 Bxe4 10. Bxc4 d5 11. Be2 Bd6 12. Bd2 O-O 13. Bc3 c5 14. Nd2 Bf5 15. Bf3 Be6 16. Nb3 Be7 17. Qd2 Nc6 18. Na5 Qc7 19. Nxc6 Qxc6 20. O-O Rad8 21. b4 cxb4 22. Bxb4 Bxb4 23. Qxb4 Qc4 24. Qa3 d4 25. Rfc1 Qb5 26. exd4 Qb6 27. Rab1 Qxd4 28. Rd1 Qc4 29. Qxa7 Qxa2 1/2-1/2

[Event "NRW-Hessen"]
[Site "GER"]
[Date "1989.??.??"]
[Round "?"]
[White "Hennig, Dirk"]
[Black "Schmitzer, Klaus"]
[Result "1-0"]
[WhiteElo "2340"]
[BlackElo "2325"]
[PlyCount "111"]
[EventDate "1989.??.??"]
[Source "www.chesslib.no"]
[SourceDate "2004.05.04"]

1. c4 Nf6 2. Nc3 e5 3. Nf3 e4 4. Ng5 b5 5. cxb5 d5 6. d4 Bd6 7. g3 O-O 8. Nh3 Re8 9. Nf4 a6 10. e3 axb5 11. Nxb5 Bf8 12. Be2 Nbd7 13. O-O Ba6 14. b3 Nb6 15. Bb2 Qd7 16. Nc3 g5 17. Nh5 Nxh5 18. Bxa6 Nf6 19. Be2 g4 20. Kg2 Reb8 21. Qc2 Qf5 22. Rfc1 h6 23. Nb5 Rc8 24. Qc6 Nbd7 25. a4 Nh7 26. Ba3 Rab8 27. Qc2 Ng5 28. Bxf8 Nxf8 29. Qd1 Nf3 30. Rc6 Ne6 31. Rac1 Neg5 32. Qf1 Nh3 33. Rxh6 Kg7 34. Rxh3 gxh3+ 35. Kh1 Nd2 36. Qe1 Nf3 37. Qf1 Qg4 38. Qd1 c6 39. Nc3 Qf5 40. Bxf3 Qxf3+ 41. Qxf3 exf3 42. Rb1 c5 43. Nb5 cxd4 44. Nxd4 Rc3 45. Rf1 Rbxb3 46. Nxb3 Rxb3 47. Ra1 Rb2 48. Kg1 Kf6 49. a5 Ke5 50. a6 Rb8 51. Kf1 Kd6 52. Ke1 Kc6 53. a7 Ra8 54. Kd2 Kc5 55. Kd3 f6 56. Ra2 1-0

[Event "Geneve Open"]
[Site "Geneva SUI"]
[Date "1991.??.??"]
[Round "2"]
[White "Sher, Miron N"]
[Black "Liardet, Fabrice"]
[Result "1/2-1/2"]
[WhiteElo "2450"]
[BlackElo "2205"]
[PlyCount "255"]
[EventDate "1991.01.??"]
[Source "www.chesslib.no"]
[SourceDate "2004.05.04"]

1. c4 Nf6 2. Nc3 e5 3. Nf3 e4 4. Ng5 b5 5. d3 bxc4 6. dxe4 Nc6 7. e3 Bb4 8. Bxc4 O-O 9. O-O h6 10. Nf3 Bxc3 11. bxc3 Nxe4 12. Ba3 Re8 13. Qc2 Ng5 14. Bd5 Bb7 15. Nxg5 Qxg5 16. c4 Rad8 17. Rad1 Ba8 18. f4 Qf6 19. Qd2 a5 20. e4 Nb4 21. Bxa8 Rxa8 22. e5 Qb6+ 23. Kh1 d6 24. exd6 Qxd6 25. Qc3 Qf6 26. Qxf6 gxf6 27. Bb2 Re2 28. Bxf6 Rae8 29. f5 Rxa2 30. h3 Rae2 31. Rd7 Nc2 32. Rf3 R2e3 33. Rf4 h5 34. Rxc7 Re1+ 35. Kh2 Ne3 36. Ra7 Nf1+ 37. Rxf1 Rxf1 38. Rxa5 Rf4 39. Rc5 h4 40. Kg1 Rb8 41. Rb5 Re8 42. Rc5 Ra8 43. Kh2 Kf8 44. Bg5 Re4 45. Rc6 Ke8 46. c5 Re2 47. Rd6 Kf8 48. Bf6 Rc2 49. Rd4 Ke8 50. Re4+ Kd7 51. Re7+ Kc6 52. Rxf7 Raa2 53. Rg7 Rxc5 54. Rg5 Raa5 55. Rg6 Kd7 56. Rg7+ Ke8 57. Bxh4 Rxf5 58. Rg4 Ra2 59. Bg5 Kf7 60. h4 Ra3 61. g3 Ra1 62. Kg2 Re1 63. Bh6 Rf6 64. Bg5 Rf5 65. Bh6 Rf6 66. Bf4 Rf5 67. Bd6 Re2+ 68. Kh3 Rd2 69. Bb4 Rd3 70. Rc4 Rff3 71. Be1 Rfe3 72. Bf2 Rf3 73. Kg2 Ke6 74. Rg4 Rf5 75. Bb6 Rb3 76. Bc7 Rc3 77. Re4+ Kd5 78. Re7 Rc4 79. Kh3 Re4 80. Rg7 Rc4 81. Bf4 Rcxf4 82. gxf4 Rxf4 83. Kg3 Rf8 84. Re7 Kd6 85. Re3 Rf7 86. Kg4 Re7 87. Rf3 Rg7+ 88. Kh5 Ke6 89. Kh6 Rf7 90. Re3+ Kf5 91. Rf3+ Ke6 92. Rg3 Kf6 93. h5 Rf8 94. Rg6+ Kf7 95. Rg7+ Kf6 96. Kh7 Rf7 97. h6 Rf8 98. Rg6+ Kf7 99. Rg1 Kf6 100. Rg7 Rd8 101. Rg6+ Kf7 102. Rg1 Rf8 103. Rg2 Kf6 104. Ra2 Kf7 105. Ra1 Kf6 106. Ra2 Kf7 107. Ra7+ Kf6 108. Rg7 Rd8 109. Rg8 Rd7+ 110. Kh8 Rd2 111. Ra8 Kg6 112. Ra6+ Kf7 113. Kh7 Rd7 114. Rg6 Rd8 115. Rg3 Rf8 116. Rg2 Kf6 117. Rg8 Kf7 118. Rg3 Kf6 119. Rf3+ Ke7 120. Ra3 Kf7 121. Ra6 Rd8 122. Rb6 Rf8 123. Rb7+ Kf6 124. Rb1 Kf7 125. Rb3 Kf6 126. Rb2 Kf7 127. Rb7+ Kf6 128. Rg7 1/2-1/2

[Event "URS Ch U26"]
[Site "Vilnius LTU"]
[Date "1978.??.??"]
[Round "14"]
[White "Jussupow, Artur M"]
[Black "Rastenis, Gediminas"]
[Result "1-0"]
[WhiteElo "2450"]
[BlackElo "2200"]
[PlyCount "101"]
[EventDate "1978.??.??"]
[Source "www.chesslib.no"]
[SourceDate "2004.05.04"]

1. c4 e5 2. Nc3 Nf6 3. Nf3 e4 4. Ng5 b5 5. d3 bxc4 6. dxe4 Nc6 7. e3 Bb4 8. Bxc4 O-O 9. O-O h6 10. f4 hxg5 11. fxg5 Nh7 12. g6 Ng5 13. gxf7+ Nxf7 14. Qh5 d5 15. Bxd5 Qe8 16. Rf4 Be7 17. Bd2 Rb8 18. Raf1 Ncd8 19. Bb3 Rb6 20. Nd5 Rh6 21. Nxe7+ Qxe7 22. Qa5 c5 23. Bc3 Be6 24. Qb5 Qc7 25. Ba5 Qc6 26. Qxc6 Nxc6 27. Bxe6 Rxe6 28. Bc3 Nce5 29. Rd1 Rfe8 30. Rd5 c4 31. h3 Rf6 32. Rf5 Rfe6 33. Rf4 R8e7 34. b3 g6 35. bxc4 Nxc4 36. Bd4 a6 37. Rc5 Ncd6 38. Rg4 Ne8 39. Rc8 Rc7 40. Ra8 Rc2 41. a3 Ra2 42. Rxe8+ Rxe8 43. Rxg6+ Kh7 44. Rg7+ Kh6 45. Rxf7 Rxa3 46. Rf6+ Kh7 47. e5 Ra2 48. e6 a5 49. g4 Rc2 50. g5 Kg8 51. Rh6 1-0

[Event "Ch"]
[Site "Bydgoszcz POL"]
[Date "1976.??.??"]
[Round "9"]
[White "Piskorz Henryk"]
[Black "Skrobek, Ryszard"]
[Result "0-1"]
[WhiteElo "2168"]
[BlackElo "2460"]
[PlyCount "58"]
[EventDate "1976.??.??"]
[Source "www.chesslib.no"]
[SourceDate "2004.05.04"]

1. c4 Nf6 2. Nc3 e5 3. Nf3 e4 4. Ng5 b5 5. Qc2 bxc4 6. Ngxe4 Bb7 7. d4 cxd3 8. Qxd3 Nxe4 9. Nxe4 Bb4+ 10. Nc3 O-O 11. Qb5 Bxc3+ 12. bxc3 Qf6 13. Bd2 Ba6 14. Qa5 Re8 15. h4 Re5 16. Qa4 Qe6 17. e3 Bxf1 18. Kxf1 Na6 19. c4 Nc5 20. Qc2 Ne4 21. Be1 Rc5 22. Rc1 Rb8 23. Qa4 a5 24. Rd1 c6 25. Rd4 Rf5 26. Rh3 Nxf2 27. Bxf2 Rb2 28. Rf3 Rxf3 29. gxf3 Qh3+ 0-1

[Event "BL2-S 9192"]
[Site "GER"]
[Date "1992.??.??"]
[Round "?"]
[White "Biebinger, Gerhard"]
[Black "Zuse, Klaus-Peter"]
[Result "0-1"]
[WhiteElo "2370"]
[BlackElo "2255"]
[PlyCount "144"]
[EventDate "1991.10.??"]
[Source "www.chesslib.no"]
[SourceDate "2004.05.04"]

1. c4 Nf6 2. Nc3 e5 3. Nf3 e4 4. Ng5 b5 5. cxb5 d5 6. d4 h6 7. Nh3 a6 8. e3 g5 9. Bd2 axb5 10. Bxb5+ c6 11. Be2 Bd6 12. Ng1 h5 13. Rc1 g4 14. a3 h4 15. Qc2 Bf5 16. Qb3 Ra7 17. Bd1 Kf8 18. Nge2 Kg7 19. g3 Nh7 20. Nf4 Ng5 21. Ncxd5 hxg3 22. fxg3 cxd5 23. Qxd5 Bxf4 24. Qxf5 Bxg3+ 25. Ke2 Bxh2 26. Rc8 Qxc8 27. Qxg5+ Kf8 28. Bb4+ Ke8 29. Ba4+ Nc6 30. Qf6 Qa6+ 31. Kd2 Qxa4 32. Qxh8+ Kd7 33. Bc3 g3 34. Qg7 Qc4 35. Kc1 Ne7 36. d5 Ra6 37. Rd1 Rg6 38. Qf8 g2 39. d6 Nc6 40. Qa8 Rxd6 41. Qb7+ Ke6 42. Qc8+ Ke7 43. Qc7+ Ke8 44. Qc8+ Rd8 45. Rxd8+ Nxd8 46. Qxc4 g1=Q+ 47. Kc2 Qxe3 48. Qb5+ Kf8 49. Qb4+ Kg8 50. Qe7 Qf2+ 51. Kb3 Ne6 52. Qe8+ Kh7 53. Qh8+ Kg6 54. Qg8+ Kh6 55. Qh8+ Kg5 56. Qg8+ Kh4 57. Qh7+ Kg4 58. Qxe4+ Bf4 59. Qd5 Qf3 60. Qc4 Ng5 61. a4 f5 62. a5 Ne4 63. Qg8+ Bg5 64. Qc4 f4 65. Qc8+ Kg3 66. Qg8 Qd1+ 67. Kb4 Qd6+ 68. Kc4 f3 69. Qg7 Qe6+ 70. Kd3 Qd5+ 71. Bd4 f2 72. Qc7+ Nd6 0-1

[Event "Hajduboszormeny op"]
[Site "?"]
[Date "1998.07.24"]
[Round "8.3"]
[White "Mate Laszlo"]
[Black "Laszlo Janos"]
[Result "0-1"]
[WhiteElo "2300"]
[BlackElo "2300"]
[PlyCount "110"]
[EventDate "1998.??.??"]
[Source "www.chesslib.no"]
[SourceDate "2004.05.04"]

1. c4 e5 2. Nc3 Nf6 3. Nf3 e4 4. Ng5 b5 5. Nxb5 h6 6. Nh3 c6 7. Nc3 d5 8. cxd5 cxd5 9. d3 Nbd7 10. g3 Bb4 11. a3 Bxc3+ 12. bxc3 Qa5 13. Bg2 O-O 14. O-O Qxc3 15. Bd2 Qe5 16. dxe4 dxe4 17. Bb4 Re8 18. Qd6 Qxd6 19. Bxd6 Ba6 20. Ra2 Rac8 21. Rd1 Rc6 22. f3 exf3 23. exf3 Be2 24. Rdd2 Rc1+ 25. Kf2 Ba6 26. Rac2 Rce1 27. Nf4 Nb6 28. Nd3 Rb1 29. Nc5 Bb5 30. Rb2 Rxb2 31. Rxb2 Bc6 32. Bf1 Bd5 33. Rb4 Rc8 34. Bb5 Ne8 35. Bxe8 Rxe8 36. Na4 Nc4 37. Bc5 Ne5 38. Rd4 Bxf3 39. Bxa7 Bc6 40. Nc3 h5 41. h3 Bd7 42. Kg2 Rc8 43. Ne4 Rc2+ 44. Nf2 Bc6+ 45. Kf1 Bf3 46. Rd8+ Kh7 47. Ke1 Re2+ 48. Kf1 Ra2 49. Ke1 Nc4 50. Nd3 Re2+ 51. Kf1 Nd2+ 52. Kg1 Rg2+ 53. Kh1 Ne4 54. Bb8 Rd2+ 55. Kg1 Rd1+ 0-1